header

Legal knowledge and information systems : (Record no. 138476)

MARC details
000 -LEADER
fixed length control field 02142nam a2200421 i 4500
001 - CONTROL NUMBER
control field ebr10795909
003 - CONTROL NUMBER IDENTIFIER
control field CaPaEBR
006 - FIXED-LENGTH DATA ELEMENTS--ADDITIONAL MATERIAL CHARACTERISTICS--GENERAL INFORMATION
fixed length control field m o d
007 - PHYSICAL DESCRIPTION FIXED FIELD--GENERAL INFORMATION
fixed length control field cr cn|||||||||
008 - FIXED-LENGTH DATA ELEMENTS--GENERAL INFORMATION
fixed length control field 091102t20092009ne a ob 001 0 eng d
020 ## - INTERNATIONAL STANDARD BOOK NUMBER
International Standard Book Number 9781607505181 (e-book)
Cancelled/invalid ISBN 9781607500827
040 ## - CATALOGING SOURCE
Original cataloging agency CaPaEBR
Language of cataloging eng
Description conventions rda
-- pn
Transcribing agency CaPaEBR
035 ## - SYSTEM CONTROL NUMBER
System control number (OCoLC)861796265
050 14 - LIBRARY OF CONGRESS CALL NUMBER
Classification number K212
Item number .J874 2009eb
111 2# - MAIN ENTRY--MEETING NAME
Meeting name or jurisdiction name as entry element JURIX 2009
Date of meeting (2009 :
Location of meeting Erasmus University Rotterdam)
245 10 - TITLE STATEMENT
Title Legal knowledge and information systems :
Remainder of title JURIX 2009, the twenty-second annual conference /
Statement of responsibility, etc edited by Guido Governatori.
246 30 - VARYING FORM OF TITLE
Title proper/short title JURIX 2009, the twenty-second annual conference
264 #1 - PRODUCTION, PUBLICATION, DISTRIBUTION, MANUFACTURE, AND COPYRIGHT NOTICE
Place of production, publication, distribution, manufacture Amsterdam ;
-- Washington, DC :
Name of producer, publisher, distributor, manufacturer IOS Press,
Date of production, publication, distribution, manufacture, or copyright notice [2009]
Date of production, publication, distribution, manufacture, or copyright notice �2009
300 ## - PHYSICAL DESCRIPTION
Extent 1 online resource (204 pages) :
Other physical details illustrations.
336 ## - CONTENT TYPE
Content type term text
Source rdacontent
337 ## - MEDIA TYPE
Media type term computer
Source rdamedia
338 ## - CARRIER TYPE
Carrier type term online resource
Source rdacarrier
440 #0 - SERIES STATEMENT/ADDED ENTRY--TITLE
Title Frontiers in artificial intelligence and applications,
International Standard Serial Number 0922-6389 ;
Volume number/sequential designation v. 205
504 ## - BIBLIOGRAPHY, ETC. NOTE
Bibliography, etc Includes bibliographical references and indexes.
588 ## - SOURCE OF DESCRIPTION NOTE
Source of description note Description based on print version record.
590 ## - LOCAL NOTE (RLIN)
Local note Electronic reproduction. Palo Alto, Calif. : ebrary, 2013. Available via World Wide Web. Access may be limited to ebrary affiliated libraries.
650 #0 - SUBJECT ADDED ENTRY--TOPICAL TERM
Topical term or geographic name as entry element Artificial intelligence
Form subdivision Congresses.
Topical term or geographic name as entry element Information storage and retrieval systems
General subdivision Law
Form subdivision Congresses.
Topical term or geographic name as entry element Law
General subdivision Methodology
-- Automation
Form subdivision Congresses.
655 #0 - INDEX TERM--GENRE/FORM
Genre/form data or focus term Electronic books.
700 1# - ADDED ENTRY--PERSONAL NAME
Personal name Governatori, Guido.
710 2# - ADDED ENTRY--CORPORATE NAME
Corporate name or jurisdiction name as entry element Foundation for Legal Knowledge Systems.
776 08 - ADDITIONAL PHYSICAL FORM ENTRY
Display text Print version:
Main entry heading JURIX 2009 (2009 : Erasmus University Rotterdam)
Title Legal knowledge and information systems : JURIX 2009, the twenty-second annual conference.
Place, publisher, and date of publication Amsterdam ; Washington, DC : IOS Press, [2009]
Physical description ix, 193 pages : illustrations ; 25 cm.
Series data for related item Frontiers in artificial intelligence and applications ; v. 205.
International Standard Book Number 9781607500827
Record control number (DLC) 2009940555
797 2# - LOCAL ADDED ENTRY--CORPORATE NAME (RLIN)
Corporate name or jurisdiction name as entry element ebrary.
856 40 - ELECTRONIC LOCATION AND ACCESS
Uniform Resource Identifier <a href="http://site.ebrary.com/lib/rucke/Doc?id=10795909">http://site.ebrary.com/lib/rucke/Doc?id=10795909</a>
Public note An electronic book accessible through the World Wide Web; click to view

No items available.

© 2026 Rongo University
Contact us: librarian | system librarian | Rongo university